Washing Machine Heart lyrics Mitski - Statistics

General Stats
  • This quiz has been taken 202 times
  • The average score is 91 of 95
Answer Stats
Answer % Correct
heart
100%
heart?
100%
I
100%
I
100%
I
100%
I
100%
I
100%
in
100%
in
100%
machine
100%
machine
100%
washing
100%
washing
100%
baby,
99%
Baby
99%
Baby,
99%
Baby,
99%
my
99%
my
99%
my
99%
my
99%
you
99%
you
99%
you
99%
your
99%
your
99%
dirty
98%
dirty
98%
I'm
98%
kiss
98%
kiss
98%
lipstick
98%
me
98%
me?
98%
me?
98%
me?
98%
me?
98%
me?
98%
me?
98%
not
98%
not
98%
not
98%
not
98%
not
98%
not
98%
not
98%
shoes
98%
shoes
98%
inside
97%
inside
97%
tonight
97%
we
97%
who
97%
who
97%
it
96%
it
96%
though
96%
Toss
96%
toss
96%
up
96%
up
96%
usual
96%
wearing
96%
and
95%
bang
95%
bang
95%
thought
95%
would
95%
maybe
94%
already
93%
Why
93%
Why
93%
Why
93%
Why
93%
Why
93%
Why
93%
am
92%
am
92%
Do
92%
Do
92%
Do
92%
know
92%
know
92%
pretend
91%
pretend
91%
will
90%
eyes
87%
ti
83%
ti
83%
ti
83%
closed
82%
mi
80%
mi
80%
mi
80%
I've
79%
No matching quizzes found
Score Distribution
Percent of People with Each Score
Percentile by Number Answered
Your Score History
You have not taken this quiz